000 00415nam a2200157Ia 4500
003 GCL
008 140319s9999 xx 000 0 eng d
040 _aGCL /
_cGCL
082 0 4 _a306
_bC S
100 1 _aCRANE, DIANA
245 1 0 _aTHE SOCIOLOGY OF CULTURE: EMERGING THEORETICAL PERSPECTIVE /
_cCRANE, DIANA
260 _a[S.N] :
_bBLACK WELL ،
_c1994
300 _a340 P
650 0 4 _aCULTURE
942 _2ddc
_cBK
999 _c24997
_d24997